British calendar customs : (Record no. 31863)
[ view plain ]
| 000 -LEADER | |
|---|---|
| fixed length control field | 01065nam a2200301 a 4500 |
| 001 - CONTROL NUMBER | |
| control field | 31863 |
| 003 - CONTROL NUMBER IDENTIFIER | |
| rucl marc code | BD-RjUL |
| 005 - DATE AND TIME OF LATEST TRANSACTION | |
| control field | 20211209051746.0 |
| 008 - FIXED-LENGTH DATA ELEMENTS--GENERAL INFORMATION | |
| fixed length control field | 140422s1946 enka b 001 0 eng d |
| 035 ## - SYSTEM CONTROL NUMBER | |
| System control number | (OCoLC)27279437 |
| -- | (BD-RjUL)31951 |
| 040 ## - CATALOGING SOURCE | |
| Original cataloging agency | DLC |
| Transcribing agency | TJC |
| Modifying agency | EQO |
| -- | BD-RjUL |
| Language of cataloging | eng |
| 041 ## - LANGUAGE CODE | |
| Language code of text/sound track or separate title | eng |
| 082 00 - DEWEY DECIMAL CLASSIFICATION NUMBER | |
| Classification number | 398.3 |
| Author mark and year | BAB 1946 |
| 100 1# - MAIN ENTRY--PERSONAL NAME | |
| Personal name | Banks, Mary Macleod. |
| 9 (RLIN) | 97000 |
| 245 10 - TITLE STATEMENT | |
| Title | British calendar customs : |
| Remainder of title | Orkney & Shetland / |
| Statement of responsibility, etc. | By Mrs. M. Macleod Banks. |
| 260 ## - PUBLICATION, DISTRIBUTION, ETC. (IMPRINT) | |
| Place of publication, distribution, etc. | London : |
| Name of publisher, distributor, etc. | Pub. for the Folk-Lore Society, W. Glaisher, |
| Date of publication, distribution, etc. | 1946. |
| 300 ## - PHYSICAL DESCRIPTION | |
| Pagination | xii, 110 p. : |
| Illustrations | ill. ; |
| Size | 22 cm. |
| 490 1# - SERIES STATEMENT | |
| Series statement | Publications of the Folk-Lore Society ; |
| Volume/sequential designation | 112 |
| 504 ## - BIBLIOGRAPHY, ETC. NOTE | |
| Bibliography, etc | "Authorities quoted": p. ix |
| 650 #0 - SUBJECT ADDED ENTRY--TOPICAL TERM | |
| Topical term or geographic name as entry element | Folklore |
| Geographic subdivision | Scotland |
| -- | Orkney. |
| 9 (RLIN) | 97001 |
| Topical term or geographic name as entry element | Folklore |
| Geographic subdivision | Scotland |
| -- | Shetland. |
| 9 (RLIN) | 97002 |
| 651 #0 - SUBJECT ADDED ENTRY--GEOGRAPHIC NAME | |
| Geographic name | Orkney (Scotland) |
| General subdivision | Social life and customs. |
| 9 (RLIN) | 97003 |
| Geographic name | Shetland (Scotland) |
| General subdivision | Social life and customs. |
| 9 (RLIN) | 97004 |
| 830 #0 - SERIES ADDED ENTRY--UNIFORM TITLE | |
| Volume number/sequential designation | 112 |
| Uniform title | Publications of the Folklore Society ; |
| 942 ## - ADDED ENTRY ELEMENTS (KOHA) | |
| Source of classification or shelving scheme | Dewey Decimal Classification |
| Koha item type | Books |
| Lost status | Source of classification or shelving scheme | Damaged status | Not for loan | Permanent Location | Current Location | Shelving location | Date acquired | Source of acquisition | Cost, normal purchase price | Total Checkouts | Full call number | Date last seen | Copy number | Koha item type |
|---|---|---|---|---|---|---|---|---|---|---|---|---|---|---|
| Dewey Decimal Classification | Not For Loan | Central Library, University of Rajshahi | Central Library, University of Rajshahi | Reading Room | 28/07/1976 | N/A | 0.00 | 398.3 BAB 1946 | 22/04/2014 | C-1 | Books |